Сибирский учитель. 2025, № 1 (158): Образование в России: достижения и перспективы (Запись № 13449234)

Подробности
000 -МАРКЕР
контрольное поле 00916nam2a2200229 4500
001 - ИДЕНТИФИКАТОР ЗАПИСИ
контрольное поле RU\NLR\BIBL_A\022579276
005 - ИДЕНТИФИКАТОР ВЕРСИИ
контрольное поле 20250721123906.0
035 ## - ДРУГИЕ СИСТЕМНЫЕ НОМЕРА
Идентификатор записи (NLR Aleph) 022579276
100 ## - ДАННЫЕ ОБЩЕЙ ОБРАБОТКИ
Данные общей обработки 20250703d2025 |||y0rusy50 ca
101 0# - ЯЗЫК РЕСУРСА
Язык текста, звукозаписи и т.д. русский
102 ## - СТРАНА ПУБЛИКАЦИИ ИЛИ ПРОИЗВОДСТВА
Страна публикации Российская Федерация
200 1# - ЗАГЛАВИЕ И СВЕДЕНИЯ ОБ ОТВЕТСТВЕННОСТИ
Основное заглавие Образование в России: достижения и перспективы
210 ## - ПУБЛИКАЦИЯ, РАСПРОСТРАНЕНИЕ И ДР.
Дата издания, распространения и т.д. 2025
461 #0 - УРОВЕНЬ НАБОРА
Встроенное поле 001RU\NLR\INFOCOMM31\5000012721
-- 2001#$aСибирский учитель$eРегион. науч.-метод. журн.$v2025, № 1 (158)
Системный номер (АБИС) связанной записи 4487905
Место публикации Новосибирск
Дата публикации 2000-
Имя издателя, распространителя и т.д. Б. и.
Сведения, относящиеся к заглавию Регион. науч.-метод. журн.
Заглавие Сибирский учитель
Номер тома 2025, № 1 (158)
606 1# - НАИМЕНОВАНИЕ ТЕМЫ КАК ПРЕДМЕТ
Наименование темы Образование
Географический подзаголовок Россия
Системный номер авторитетной/нормативной записи 2229324
Идентификатор авторитетной/нормативной записи RU\NLR\AUTH\661338133
686 1# - ИНДЕКСЫ ДРУГИХ КЛАССИФИКАЦИЙ
Индекс Ч34(2)
852 ## - МЕСТОНАХОЖДЕНИЕ И ШИФР ХРАНЕНИЯ
Идентификатор организации NLR
Шифр хранения (Call Number) П29/1010
942 ## - ДОПОЛНИТЕЛЬНЫЕ ЭЛЕМЕНТЫ ЗАПИСИ (АБИС)
Тип экземпляра АБИС Выпуск
980 ## - КОЛЛЕКЦИЯ
Название коллекции Национальная библиография
980 ## - КОЛЛЕКЦИЯ
Название коллекции Русская периодика

Нет доступных экземпляров.